Breath of the Wild - Closest Shrine Pairs - Statistics

General Stats
  • This quiz has been taken 7 times
  • The average score is 16 of 41
Answer Stats
Answer % Correct
Keh Namut Shrine
100%
Ja Baij Shrine
83%
Oman Au Shrine
83%
Owa Daim Shrine
83%
Ree Dahee Shrine
83%
Shee Vaneer Shrine
83%
Shee Venath Shrine
83%
Akh Va'quot Shrine
50%
Dako Tah Shrine
50%
Etsu Korima Shrine
50%
Rohta Chigah Shrine
50%
Ta'loh Naeg Shrine
50%
Dagah Keek Shrine
33%
Daqo Chisay Shrine
33%
Kah Yah Shrine
33%
Kema Zoos Shrine
33%
Lakna Rokee Shrine
33%
Maka Rah Shrine
33%
Muwo Jeem Shrine
33%
Ne'ez Yohma Shrine
33%
Noe Rajee Shrine
33%
Raqa Zunzo Shrine
33%
Ruvo Korbah Shrine
33%
Sasa Kai Shrine
33%
Sha Warvo Shrine
33%
Takama Shiri Shrine
33%
Bareeda Naag Shrine
17%
Dah Kaso Shrine
17%
Daqa Koh Shrine
17%
Dow Na'eh Shrine
17%
Gee Ha'rah Shrine
17%
Joloo Nah Shrine
17%
Kam Urog Shrine
17%
Kayra Mah Shrine
17%
Kiah Toza Shrine
17%
Kihiro Moh Shrine
17%
Kuh Takkar Shrine
17%
Lanno Kooh Shrine
17%
Rinu Honika Shrine
17%
Rok Uwog Shrine
17%
Yowaka Ita Shrine
17%
No matching quizzes found
Score Distribution
Percent of People with Each Score
Percentile by Number Answered
Your Score History
You have not taken this quiz